|
|
|
|
| LEADER |
00000naa2a2200000 4500 |
| 001 |
620544 |
| 005 |
20231218153830.0 |
| 035 |
|
|
|a (RuTPU)RU\TPU\conf\19031
|
| 035 |
|
|
|a RU\TPU\conf\19030
|
| 090 |
|
|
|a 620544
|
| 100 |
|
|
|a 20160930d2016 k y0rusy50 ca
|
| 101 |
0 |
|
|a rus
|
| 102 |
|
|
|a RU
|
| 105 |
|
|
|a y z 101zy
|
| 135 |
|
|
|a drcn ---uucaa
|
| 181 |
|
0 |
|a i
|
| 182 |
|
0 |
|a b
|
| 200 |
1 |
|
|a Оценка удельной электрической проводимости ферритов методом сопротивления расстекания
|f Ж. Р. Еспенбетов, А. В. Малышев
|g науч. рук. А. П. Суржиков
|
| 203 |
|
|
|a Текст
|c электронный
|
| 225 |
1 |
|
|a Современные системы и технологии в неразрушающем контроле
|
| 300 |
|
|
|a Заглавие с титульного экрана
|
| 320 |
|
|
|a [Библиогр.: 4 назв.]
|
| 461 |
|
1 |
|0 (RuTPU)RU\TPU\conf\19000
|t Неразрушающий контроль
|o сборник трудов VI Всероссийской научно-практической конференции "Неразрушающий контроль: электронное приборостроение, технологии, безопасность", Томск, 23-27 мая 2016 г.
|o в 3 т.
|f Национальный исследовательский Томский политехнический университет (ТПУ)
|d 2016
|
| 463 |
|
1 |
|0 (RuTPU)RU\TPU\conf\19001
|t Т. 1
|v [4 с.]
|d 2016
|
| 610 |
1 |
|
|a труды учёных ТПУ
|
| 610 |
1 |
|
|a электронные ресурсы
|
| 610 |
1 |
|
|a ферритовая керамика
|
| 610 |
1 |
|
|a электрическое сопротивление
|
| 610 |
1 |
|
|a растекания
|
| 610 |
1 |
|
|a поперечное сечение
|
| 610 |
1 |
|
|a ферритовая керамика
|
| 700 |
|
1 |
|a Еспенбетов
|b Ж. Р.
|
| 701 |
|
1 |
|a Малышев
|b А. В.
|c специалист в области электротехники
|c старший научный сотрудник Томского политехнического университета, кандидат физико-математических наук
|f 1978-
|g Андрей Владимирович
|3 (RuTPU)RU\TPU\pers\26544
|9 12233
|
| 702 |
|
1 |
|a Суржиков
|b А. П.
|c физик
|c профессор Томского политехнического университета, доктор физико-математических наук
|f 1951-
|g Анатолий Петрович
|4 727
|
| 712 |
0 |
2 |
|a Национальный исследовательский Томский политехнический университет (ТПУ)
|b Институт неразрушающего контроля (ИНК)
|b Проблемная научно-исследовательская лаборатория электроники, диэлектриков и полупроводников (ПНИЛ ЭДиП)
|3 (RuTPU)RU\TPU\col\19033
|
| 712 |
0 |
2 |
|a Национальный исследовательский Томский политехнический университет (ТПУ)
|b Институт неразрушающего контроля (ИНК)
|b Кафедра физических методов и приборов контроля качества (ФМПК)
|3 (RuTPU)RU\TPU\col\18709
|
| 801 |
|
2 |
|a RU
|b 63413507
|c 20161021
|g RCR
|
| 856 |
4 |
|
|u http://earchive.tpu.ru/handle/11683/32903
|
| 942 |
|
|
|c BK
|